Handbook of mangroves in the Philippines, Panay
This handbook is a user-friendly presentation of technical botanical descriptions - terms are defined in the Glossary - and illustrations of Phillipine mangrove species in Panay Island, Guimaraas and Aurora Province.
Wedi'i Gadw mewn:
| Fformat: | Llyfr |
|---|---|
| Iaith: | Undetermined |
| Cyhoeddwyd: |
Tigbauan, Iloilo, Philippines
Southeast Asian Fisheries Development Center, Aquaculture Dept.
2004
|
| Pynciau: | |
| Tagiau: |
Ychwanegu Tag
Dim Tagiau, Byddwch y cyntaf i dagio'r cofnod hwn!
|
| Thư viện lưu trữ: | Trung tâm Học liệu Trường Đại học Cần Thơ |
|---|
| LEADER | 00870nam a2200193Ia 4500 | ||
|---|---|---|---|
| 001 | CTU_141633 | ||
| 008 | 210402s9999 xx 000 0 und d | ||
| 082 | |a 581.5 | ||
| 082 | |b H236 | ||
| 245 | 0 | |a Handbook of mangroves in the Philippines, Panay | |
| 245 | 0 | |c Jurgenne H. Primavera ... [et al.]. | |
| 260 | |a Tigbauan, Iloilo, Philippines | ||
| 260 | |b Southeast Asian Fisheries Development Center, Aquaculture Dept. | ||
| 260 | |c 2004 | ||
| 520 | |a This handbook is a user-friendly presentation of technical botanical descriptions - terms are defined in the Glossary - and illustrations of Phillipine mangrove species in Panay Island, Guimaraas and Aurora Province. | ||
| 650 | |a Cây đước,Mangrove plants | ||
| 650 | |z Đảo Panay,Philippines,Panay Island,Philippines | ||
| 904 | |i Trọng Hải | ||
| 980 | |a Trung tâm Học liệu Trường Đại học Cần Thơ | ||